Estado del Cuerpo de Ingenieros del Ejército en 1º de enero de 1855. (Registro nro. 153848)
[ vista simple ]
| 000 -LEADER | |
|---|---|
| campo de control de longitud fija | 00852nam a22002055i 4500 |
| 001 - NÚMERO DE CONTROL | |
| campo de control | 153848 |
| 003 - IDENTIFICADOR DE NÚMERO DE CONTROL | |
| campo de control | ES-MaACL |
| 005 - FECHA Y HORA DE LA ÚLTIMA TRANSACCIÓN | |
| campo de control | 20250903063440.0 |
| 008 - DATOS DE LONGITUD FIJA--INFORMACIÓN GENERAL | |
| campo de control de longitud fija | 050913s1855 sp | |||||||| ||spa d |
| 080 ## - NÚMERO DE LA CLASIFICACIÓN DECIMAL UNIVERSAL | |
| Número de la Clasificación Decimal Universal | 358.23(460) |
| 245 00 - MENCIÓN DEL TÍTULO | |
| Título | Estado del Cuerpo de Ingenieros del Ejército en 1º de enero de 1855. |
| 260 ## - PUBLICACIÓN, DISTRIBUCIÓN, ETC. | |
| Lugar de publicación, distribución, etc. | Madrid : |
| Nombre del editor, distribuidor, etc. | [s.n.], |
| Fecha de publicación, distribución, etc. | 1855 ( |
| Fabricante | Imp. del Memorial de Ingenieros) |
| 300 ## - DESCRIPCIÓN FÍSICA | |
| Extensión | 139 p. ; |
| Dimensiones | 21 cm. |
| 530 ## - NOTA DISPONIBLE DE FORMULARIO FÍSICO ADICIONAL | |
| Nota de formato físico adicional disponible | Disponible en formato digital. |
| 610 1# - PUNTO DE ACCESO ADICIONAL DE MATERIA--NOMBRE DE ENTIDAD CORPORATIVA | |
| Nombre de entidad corporativa o nombre de jurisdicción como elemento de entrada | España. |
| Unidad subordinada | Cuerpo de Ingenieros del Ejército. |
| 9 (RLIN) | 3681 |
| 710 2# - ENTRADA AGREGADA--NOMBRE DE ENTIDAD CORPORATIVA | |
| Nombre de entidad corporativa o nombre de jurisdicción como elemento de entrada | Imprenta del Memorial de Ingenieros |
| 9 (RLIN) | 134482 |
| 852 4# - LOCALIZACIÓN | |
| Ubicación | ES-MaACL |
| Número de control de estantería | T-14-F-3 |
| Nota libre | - Enc. hol., falto de la enc. original |
| -- | - Enc. en un vol. facticio |
| 856 4# - LOCALIZACIÓN Y ACCESO ELECTRÓNICOS | |
| Identificador Uniforme de Recursos | <a href="http://bibliotecavirtualdefensa.es/BVMDefensa/es/consulta/registro.do?id=10000047844">http://bibliotecavirtualdefensa.es/BVMDefensa/es/consulta/registro.do?id=10000047844</a> |
| Nota pública | Biblioteca Virtual de Defensa |
| Estatus retirado | Estado de pérdida | Estado de daño | No para préstamo | Colección | Biblioteca de origen | Biblioteca actual | Ubicación en estantería | Fecha de adquisición | Total de préstamos | Signatura topográfica completa | Código de barras | Visto por última vez | Precio de reemplazo | Tipo de ítem Koha |
|---|---|---|---|---|---|---|---|---|---|---|---|---|---|---|
| Colección de folletos | Biblioteca del Ateneo de Madrid | Biblioteca del Ateneo de Madrid | Depósito folletos | 17/01/2008 | T-14-F-3 | 1160850 | 23/02/2023 | 23/02/2023 | Folleto |
